Efektívnosť poľnohospodárskej dopravy

Bibliographic Details
Main Author: Ďuďák, Jozef, 1958- (Author)
Format: Article
Language:Slovak

MARC

LEADER 00000nab a2200000ua 4500
001 vtls010773846
003 SK-MaSNL
005 20260303215837.0
008 230222s2000 xo |||||||||||||||||slo|
035 |a (urnnbn)urn:nbn:sk:snk:ar-a00vk5 
035 |a (uuid)fe86a04f-004f-45d9-96f5-49ee6dc70882 
035 |a urn:nbn:sk:snk-ab4bz0 
040 |a SNKBUCL  |b slo  |c SNKBUCL  |e AACR2 
041 0 |a slo 
044 |a xo  |c SK 
100 1 |a Ďuďák, Jozef,  |d 1958-  |4 aut  |9 241691 
245 1 0 |a Efektívnosť poľnohospodárskej dopravy  |c Jozef Ďuďák 
773 0 |t Moderná mechanizácia v poľnohospodárstve : odborný časopis o technike a technológiách v poľnohospodárstve  |g Roč. 3, č. 4 (2000), s. 14-15 
954 |a odborná, vedecká literatúra pôvodná (slovenská)  |2 lita 
958 |a OND 
958 |a EUIPO 
958 |a article3 
999 |c 2223621  |d 2225551